Elements of Ring Frame and Doubling (Record no. 2388)

MARC details
000 -LEADER
fixed length control field 00354nam a2200145Ia 4500
008 - FIXED-LENGTH DATA ELEMENTS--GENERAL INFORMATION
fixed length control field 191201s2000 xx 000 0 und d
082 ## - DEWEY DECIMAL CLASSIFICATION NUMBER
Classification number 677.02852
Item number KHE
100 ## - MAIN ENTRY--PERSONAL NAME
Personal name KHARE,A R
245 #0 - TITLE STATEMENT
Title Elements of Ring Frame and Doubling
250 ## - EDITION STATEMENT
Edition statement 1st
260 ## - PUBLICATION, DISTRIBUTION, ETC. (IMPRINT)
Place of publication, distribution, etc N.Delhi
Name of publisher, distributor, etc Sai Book Centure
Date of publication, distribution, etc 2000
300 ## - PHYSICAL DESCRIPTION
Extent 278
650 ## - SUBJECT ADDED ENTRY--TOPICAL TERM
Topical term or geographic name as entry element B.Tech(TE)
942 ## - ADDED ENTRY ELEMENTS (KOHA)
Source of classification or shelving scheme Dewey Decimal Classification
Koha item type Text Books
Holdings
Withdrawn status Lost status Source of classification or shelving scheme Damaged status Not for loan Collection code Home library Current library Date acquired Source of acquisition Cost, normal purchase price Bill Number Total Checkouts Full call number Acc. no. / Barcode Date last seen Bill Date Koha item type
    Dewey Decimal Classification     B.Tech(TE) PIET C-LIBRARY PIET C-LIBRARY 30/08/2006 Abhishek Publications 225.00 7985   677.02852 KHE 5132 04/12/2019 10/02/2006 Text Books
    Dewey Decimal Classification     B.Tech(TE) PIET C-LIBRARY PIET C-LIBRARY 30/08/2006 Abhishek Publications 225.00 7985   677.02852 KHE 5133 04/12/2019 10/02/2006 Text Books
    Dewey Decimal Classification     B.Tech(TE) PIET C-LIBRARY PIET C-LIBRARY 30/08/2006 Abhishek Publications 225.00 7985   677.02852 KHE 5134 04/12/2019 10/02/2006 Text Books
    Dewey Decimal Classification     B.Tech(TE) PIET C-LIBRARY PIET C-LIBRARY 17/01/2007 Abhishek Publications 225.00 7986   67702852 KHE 5316 04/12/2019 13/02/2006 Text Books
    Dewey Decimal Classification     B.Tech(TE) PIET C-LIBRARY PIET C-LIBRARY 31/03/2008 Technical Book 225.00 TBS/4006   677.02852 KHE 8751 04/12/2019 11/03/2008 Text Books
    Dewey Decimal Classification     B.Tech(TE) PIET C-LIBRARY PIET C-LIBRARY 31/03/2008 Technical Book 225.00 TBS/4006   677.02852 KHE 8752 04/12/2019 11/03/2008 Text Books
    Dewey Decimal Classification     B.Tech(TE) PIET C-LIBRARY PIET C-LIBRARY 31/03/2008 Technical Book 225.00 TBS/4006   677.02852 KHE 8753 04/12/2019 11/03/2008 Text Books
    Dewey Decimal Classification     B.Tech(TE) PIET C-LIBRARY PIET C-LIBRARY 31/03/2008 Technical Book 225.00 TBS/4006   677.02852 KHE 8754 04/12/2019 11/03/2008 Text Books

Design & Developed by: PIET Central Library
R70 Miles Stone Pattikalyana Samalkha Panipat 132102
mail ID :- [email protected], Phone No:- 0180-2569700 Ex.216